A fenntarthatósági törekvések bemutatása és ezek hatásának vizsgálata a szállóvendégek viselkedésére az IntercityHotel Budapestben

Bibliográfiai részletek
Szerző: Boros Lilla Patrícia
További közreműködők: Karakasné Dr. Morvay Klára
Dokumentumtípus: Diplomadolgozat
Kulcsszavak:fenntartható fejlődés
fenntarthatóság
szállodaipar
turizmus
utazás
Online Access:http://dolgozattar.uni-bge.hu/59947

MARC

LEADER 00000nta a2200000 i 4500
001 dolg59947
005 20260409145802.0
008 260409suuuu hu om 000 hun d
040 |a BGE Dolgozattár Repozitórium  |b hun 
041 |a hu 
100 1 |a Boros Lilla Patrícia 
245 1 2 |a A fenntarthatósági törekvések bemutatása és ezek hatásának vizsgálata a szállóvendégek viselkedésére az IntercityHotel Budapestben  |c Boros Lilla Patrícia  |h [elektronikus dokumentum] 
520 3 |a A kutatásom során betekintést nyertem az IntercityHotel Budapest fenntarthatósági törekvéseibe, és megtudtam, hogy ezek a környezetvédelmi intézkedések milyen többletköltséggel járnak az üzemeltetés oldaláról. Elemeztem azt is, hogy a szálloda milyen kommunikációs eszközökkel tájékoztatja vendégeit a foglalástól egészen az elutazásig a fenntartható működésről. A kutatásom alapján javaslatokat fogalmaztam meg a jövőben alkalmazható kommunikációs lehetőségekre.Kiemelten fontosnak tartom a közösségi média erejének kihasználását, hiszen ez a platform hatékony eszközt kínál a fiatalabb generációk elérésére, valamint a fenntarthatósági üzenetek széles körű, vizuálisan is vonzó bemutatására.Összegezve úgy gondolom, hogy a szakdolgozat elkészítése közben hasznos témát dolgoztam fel, mely folyamán új ismeretekkel bővítettem tudásomat, amelyek mind a szálloda, mind az egyetem számára is hasznosak lehetnek. A kutatás során nemcsak szakmai ismereteim bővültek, hanem a fenntarthatóság iránti személyes elköteleződésem is erősödött. 
695 |a fenntartható fejlődés 
695 |a fenntarthatóság 
695 |a szállodaipar 
695 |a turizmus 
695 |a utazás 
700 1 |a Karakasné Dr. Morvay Klára  |e ths 
856 4 0 |u http://dolgozattar.uni-bge.hu/59947/1/Boros%20Lilla_D1V7T1_szakdolgozat.pdf  |z Dokumentum-elérés 
856 4 0 |u http://dolgozattar.uni-bge.hu/59947/2/Boros%20Lilla_D1V7T1_szakdolgozat_titkositasi%20kerelem.pdf  |z Dokumentum-elérés 
856 4 0 |u http://dolgozattar.uni-bge.hu/59947/3/BorosLilla_BSc_konzulensi_KarakasneMK.pdf  |z Dokumentum-elérés 
856 4 0 |u http://dolgozattar.uni-bge.hu/59947/4/B%C3%ADr%C3%A1lati%20lap%20Boros%20Lilla%20opponens%20K%C3%B3r%C3%B3di%20M%C3%A1rta%20TurTsz.docx.pdf  |z Dokumentum-elérés